The Esterházy Princes and Landlords: Estate Management in Hungary during the Late Eighteenth Century
| Titel: | The Esterházy Princes and Landlords: Estate Management in Hungary during the Late Eighteenth Century |
|---|---|
| Verfasser: | |
| In: |
Studies in East European social history ; 2, (1981), Seite 157-189 alle Artikel anzeigen |
| Veröffentlicht: | 1981 |
| Format: | Aufsatz |
| Sprache: | Englisch |
X
alg: 39165069 001A $01999:11-11-16 001B $01999:15-05-21 $t21:01:22.000 001D $01999:11-11-16 001U $0utf8 001X $00 002@ $0Aox 003@ $0391650696 007A $0391650696 $aHEB 007T $0Herd80922 010@ $aeng 011@ $a1981 021A $aThe @Esterházy Princes and Landlords: Estate Management in Hungary during the Late Eighteenth Century 028A $aGates-Coon $dRebecca 031A $h157-189 $j1981 039B $aIn $8--Afu--. Studies in East European social history ; 2. - Leiden : Brill, (1981). - 189 S.. - ISBN 90-04-06386-2 $x198100000000000843 $909263320X 045F $a929.09439 $eDDC23BSB 045F/01 $a929 045F/03 $g439 lok: 39165069 78 exp: 39165069 78 1 #EPN 201B/01 $014-02-18 $t23:07:49.000 201U/01 $0utf8 203@/01 $0787745243 208@/01 $a11-11-16 $be 209A/01 $a/ $f000 $x00 220C/01 $aTitelaufnehmer: cs 244Z/01 $2Trx $#Ungari $#Vengrija $#Ungārija $#Ungarn $#Hungary $#Węgry $#Maďarsko $#Maďarsko $#Uhorsko $#Uhersko;Uhry $8--Trx--Magyarország $x01 $9391197150 244Z/01 $aGeschichte 1770-1800 $x02 244Z/01 $#Eszterházy von Galántha$#Esterházy $#Esterházy de Galántha $#Zerház de Zerhásház $#Estoras $#Eszterházy de Galántha $#Esterháziovci $#Eszterházi $7118531220 $8--Tp1--$PEsterházy von Galántha$lFamilie : 13. Jh.- $x03 $9086872303 244Z/01 $2Trx $#mõisahärrad $#žemės valdymo sistema $#gentry rule $#földesuralom $#gospodarka folwarczno-pańszczyźniana $#statkárstvo $#vrchnostenský systém $#Gutswirtschaft $#Fronwirtschaft $#system właścicieli ziemskich $#veľkostatky $#robotné hospodárstvo $#hospodářství vrchnostenské a velkostatky $8--Trx--Gutsherrschaft $x04 $9391367781 244Z/01 $2Trx $#aadel Ungari $#Vengrijos bajorai $#gentry Hungary $#nemesség Magyarország $#szlachta Węgry $#šľachta Maďarsko $#šlechta Maďarsko $8--Trx--Adel$gUngarn $x05 $9391354426 244Z/01 $2Trx $#perekonnad ja sugupõlved $#giminės ir šeimos $#Families and Noble Houses $#családok és nemek $#rody i rodziny $#rodiny a rody $#rodiny a rody $#Geschlechter $#Noble Houses $#rody $#rody $#rody $8--Trx--Familien und Geschlechter $x06 $9391371916 244Z/01 $2Trx $8--Trx--Einzelbeiträge $x07 $9391384570 245Z/01 $a12.02 $x01 247C/01 $82080>Marburg/Lahn, Herder-Institut, Forschungsbibliothek, Bibliographieportal $9336309341
| LEADER | 00000caa a22000002c 4500 | ||
|---|---|---|---|
| 001 | 391650696 | ||
| 003 | DE-603 | ||
| 005 | 20210515210122.0 | ||
| 007 | tu | ||
| 008 | 161111s1981 xx |||| | u00||u|eng c | ||
| 035 | |a (DE-599)HEB391650696 | ||
| 040 | |a DE-603 |b ger |c DE-603 |d DE-603 | ||
| 041 | |a eng | ||
| 082 | 0 | 4 | |8 1\u |a 929.09439 |q DE-101 |2 23/BSB |
| 085 | |8 1\u |b 929 | ||
| 085 | |8 1\u |z 2 |s 439 | ||
| 100 | 1 | |a Gates-Coon, Rebecca | |
| 245 | 0 | 0 | |a The Esterházy Princes and Landlords: Estate Management in Hungary during the Late Eighteenth Century |
| 264 | 0 | |c 1981 | |
| 773 | 0 | 8 | |i In |t Studies in East European social history ; 2 |d Leiden : Brill, (1981) |h 189 S. |z 9004063862 |g (1981), Seite 157-189 |w (DE-603)09263320X |
| 924 | 0 | |9 2080 |a (DE-603)787745243 |b DE-2080 |c HES |d d |g / | |


